Depresión y enfermedad cardíaca / (Registro nro. 3065)
[ vista simple ]
| 000 -LEADER | |
|---|---|
| fixed length control field | 00979nam a2200277 a 4500 |
| 008 - CAMPO DE CONTROL (LIBRO) | |
| fixed length control field | 200217e2013 ag ||||| |||| 00| 0 spa d |
| 020 ## - INTERNATIONAL STANDARD BOOK NUMBER | |
| ISBN | 9780470710579 |
| 041 ## - CODIGO DE IDIOMA | |
| Código de idioma del texto/pista de sonido o título separado | spa |
| 092 ## - SIGNATURA TOPOGRAFICA DEWEY LOCAL | |
| número de clasificación | 616.85 |
| libristica | 29 |
| sección | GLA |
| 100 1# - ENTRADA PRINCIPAL--NOMBRE PERSONAL | |
| Nombre personal | Glassman, Alexander |
| 9 (RLIN) | 4112 |
| 245 ## - TITULO PROPIAMENTE DICHO | |
| Título | Depresión y enfermedad cardíaca / |
| Mención de responsabilidad y remanente de la transcripción de la portada | Alexander Glassman |
| 250 ## - MENCION DE EDICION | |
| Mención de edición | 1a ed. |
| 260 ## - PIE DE IMPRENTA | |
| Lugar de publicación, distribución, etc | Buenos Aires: |
| Nombre de la editorial, distribuidor, etc | Wiley-Blackwell; |
| Fecha de publicación | 2013. |
| 300 ## - DESCRIPCION FISICA | |
| Extension | 160 p. |
| 500 ## - NOTA GENERAL | |
| Nota general | Glassman, A., Maj, M. y Sartorius, N. (2013). Depresión y enfermedad cardíaca. (1a ed.). Buenos Aires : Wiley-blackwell. |
| 590 ## - NOTAS LOCALES (RLIN) | |
| Nota local | Donacion |
| 653 ## - TÉRMINO INDIZADO - PALABRAS CLAVES | |
| Palabra clave | Epidemiologia |
| 653 ## - TÉRMINO INDIZADO - PALABRAS CLAVES | |
| Palabra clave | Depresion y enfermedad cardiaca |
| 653 ## - TÉRMINO INDIZADO - PALABRAS CLAVES | |
| Palabra clave | Mecanismos biologicos |
| 653 ## - TÉRMINO INDIZADO - PALABRAS CLAVES | |
| Palabra clave | Mecanismos conductuales y psicologicos |
| 653 ## - TÉRMINO INDIZADO - PALABRAS CLAVES | |
| Palabra clave | Depresion y enfermedades cardiovasculares |
| 653 ## - TÉRMINO INDIZADO - PALABRAS CLAVES | |
| Palabra clave | Psicoterapia para la depresion en pacientes con enfermedad cardiaca |
| 700 1# - ENTRADAS SECUNDARIAS - NOMBRE PERSONAL | |
| Nombre personal | Maj, Mario |
| 9 (RLIN) | 4113 |
| 700 1# - ENTRADAS SECUNDARIAS - NOMBRE PERSONAL | |
| Nombre personal | Sartorius, Norman |
| 9 (RLIN) | 4114 |
| 942 ## - ADDED ENTRY ELEMENTS (KOHA) | |
| Source of classification or shelving scheme | Dewey Decimal Classification |
| Item type | Libros |
| Estado de retiro | Existencia | Fuente de clasificación | Estado general | No para prestamo | Ubicación permanente | ubicación actual | Sala de ubicación | Fecha de adquisición | Fuente de adquisición | Total Checkouts | Número de clasificación | Código de barras | Date last seen | Número de ejemplar | Price effective from | Koha tipo de elemento (item) | Public note |
|---|---|---|---|---|---|---|---|---|---|---|---|---|---|---|---|---|---|
| Dewey Decimal Classification | Biblioteca Medicina | Biblioteca Medicina | Circulación | 17/02/2020 | Donacion | 616.85 29 GLA | 4620 | 17/02/2020 | Ej. 1 | 17/02/2020 | Libros | Donacion |